Countries with at least 3 marine neighbours - Statistics

General Stats
  • This quiz has been taken 61 times
  • The average score is 12 of 18
Answer Stats
# Country % Correct
8 Russia
98%
6 France
89%
3 Indonesia
87%
4 Turkey
81%
3 Mexico
79%
5 Saudi Arabia
77%
3 Germany
75%
3 Malaysia
74%
3 Egypt
72%
3 Thailand
66%
3 Colombia
62%
3 Israel
53%
3 Croatia
47%
3 Honduras
47%
3 Senegal
45%
4 Guatemala
43%
3 North Korea
40%
3 Angola
34%
No matching quizzes found
Score Distribution
Percent of People with Each Score
Percentile by Number Answered
Your Score History
You have not taken this quiz